000 00834nam a22002171c 4500
001 00117136573
008 051003s1995 gw |||| 000u rus d
020 _a5880310159
_95-88031-015-9
100 1 _aKuznecov, Sergej I.
_912299
245 0 0 _aJaponskie voennoplennye v Sibiri :
_b(1945 - 1956 gg.) ; vypusk posvjaščen 50-letiju okončanija vojny na Tichom okeane /
_c[glavnyj red. S. I. Kuznecov]
264 _aIrkutsk :
_bArkom,
_c1995
300 _a28 S.
650 0 _aJapanischer Kriegsgefangener
_912300
650 0 _aKriegsgefangener
_91688
651 0 _aSibirien
_91690
942 _cMG
040 _cRU-10907106
003 RU-10907106
999 _c31432
_d31432
490 0 _aGumanitarnyj Obščestvenno-Naučnyj Centr <Irkutsk>: Naučno-informacionnyj bjulleten' Gumanitarnogo Obščestvenno-Naučnogo Centra
_v4
546 _aIn kyrill. Schr., russ